000 00243nam a22000977a 4500
999 _c519931
_d519931
082 _aTNC B253 R161
100 _aSwami Nishwananda
_931283
245 _aEnlightened citizenship
260 _aNew Delhi
_bRam Krishna Mission
_c1985
300 _a475p.